000 02115nam a22003377a 4500
005 2010080907447.0
010 _aENG-99114 B-452515-519
020 _a8178242753
_c695.00
035 _aEN-82646 B-452515-519
037 _bDBAD/PUB
037 _bVirtuous Pub/Ven
082 _a810.9
100 _aPollock, Sheldon
_942351
245 _aThe language of the gods in the world of men :
_bsanskrit, culture and power in premodern India /
_cby Sheldon Pollock
260 _aRanikhet
_bPermanent Black
_c2006
270 _a'Himalayana; Mall Road, Ranikhet Cantt,
_bRanikhet
_e263645
300 _axiv,684p.
_c22cm (pbk)
_emaps
500 _aIncludes bibliographical references and index
650 _aIndic Literature
_942352
650 _aLiterature & Society
_942353
650 _aPolitics and Literture
_942354
650 _aSanskrit Literture - Political Aspects
_942355
942 _2ddc
_cEN
_h810.9
_mPOL
999 _c40331
_d40331